Aids to pharmacology / (Record no. 115529)

MARC details
000 -LEADER
fixed length control field 00640nam a2200229 a 4500
008 - FIXED-LENGTH DATA ELEMENTS--GENERAL INFORMATION
fixed length control field
020 ## - INTERNATIONAL STANDARD BOOK NUMBER
International Standard Book Number 0443046956 (pbk)
049 ## - LOCAL HOLDINGS (OCLC)
Holding library MAIN
090 ## - LOCALLY ASSIGNED LC-TYPE CALL NUMBER (OCLC); LOCAL CALL NUMBER (RLIN)
Classification number (OCLC) (R) ; Classification number, CALL (RLIN) (NR) RM301.12
Local cutter number (OCLC) ; Book number/undivided call number, CALL (RLIN) SAC
003 - CONTROL NUMBER IDENTIFIER
control field
005 - DATE AND TIME OF LATEST TRANSACTION
control field 20230120204017.0
040 ## - CATALOGING SOURCE
Transcribing agency NUST
100 1# - MAIN ENTRY--PERSONAL NAME
Personal name Sacks, Steven.
245 10 - TITLE STATEMENT
Title Aids to pharmacology /
Statement of responsibility, etc. Steven Sacks and Roy Spector.
250 ## - EDITION STATEMENT
Edition statement 3rd ed.
260 ## - PUBLICATION, DISTRIBUTION, ETC.
Place of publication, distribution, etc. Edinburgh :
Name of publisher, distributor, etc. Churchill Livingstone,
Date of publication, distribution, etc. 1993.
300 ## - PHYSICAL DESCRIPTION
Extent 247 p. :
Other physical details ill. ;
Dimensions 22 cm.
650 #1 - SUBJECT ADDED ENTRY--TOPICAL TERM
Topical term or geographic name entry element Pharmacology
General subdivision Handbooks.
700 ## - ADDED ENTRY--PERSONAL NAME
Personal name Spector, Roy.
907 ## - LOCAL DATA ELEMENT G, LDG (RLIN)
a .b10266057
b 18-07-12
c 14-09-09
942 ## - ADDED ENTRY ELEMENTS (KOHA)
Koha item type Ordinary Loan Books
Call number prefix RM301.12
Call number suffix SAC
Holdings
Date last seen Total Checkouts Full call number Barcode Accession number Cost, replacement price Price effective from Koha item type Public note Lost status Source of classification or shelving scheme Damaged status Not for loan Collection Withdrawn status Home library Current library Shelving location Date acquired Source of acquisition Cost, normal purchase price
01/20/2023 6 RM301.12 SAC 92004011028 16170 30.00 05/16/2023 BOOKS Donation   LCC     NFIC   Medical Medical GEN 05/16/2023 Book Aid International 30.00